Breathing Space Living and Working at a Comfortable Pace in a Sped up Society (Record no. 346867)

000 -LEADER
fixed length control field 00292 a2200097 4500
090 ## - LOCALLY ASSIGNED LC-TYPE CALL NUMBER (OCLC); LOCAL CALL NUMBER (RLIN)
-- 4423
-- 4423
100 ## - MAIN ENTRY--PERSONAL NAME
Personal name Jeff Davidson
245 ## - TITLE STATEMENT
Title Breathing Space Living and Working at a Comfortable Pace in a Sped up Society
260 ## - PUBLICATION, DISTRIBUTION, ETC.
Place of publication, distribution, etc. Heinemann Asia
Name of publisher, distributor, etc. Singapore
Date of publication, distribution, etc. 1993
942 ## - ADDED ENTRY ELEMENTS (KOHA)
Institution code [OBSOLETE] NBS
Koha item type Book
Call number prefix 813.54 BRU
Holdings
Withdrawn status Lost status Damaged status Not for loan Permanent Location Current Location Date acquired Total Checkouts Total Renewals Full call number Barcode Checked out Date last seen Date last checked out Price effective from Koha item type
        Central Library (CL) Central Library (CL) 08/28/2013 4 3 813.54 BRU NBS1363 01/05/2025 12/06/2024 12/06/2024 08/28/2013 Book
© 2023 Central Library, National University of Sciences and Technology. All Rights Reserved.